000 01157cam a22002771 4500
001 agr33000927
003 DLC
005 20260227110953.0
008 790920s1933 dcuab f000 0 eng
010 _aagr33000927
035 _a(OCoLC)5391160
040 _aDLC
_cArU
_dOCoLC
_dDLC
042 _apremarc
050 0 0 _aHD9005
_b.A5 1933
082 _a338.10973
110 1 _aUnited States.
_bDepartment of Agriculture.
245 1 0 _aEconomic bases for the Agricultural Adjustment Act,
_cby Mordecai Ezekiel, economic advisor to the Secretary of Agriculture and Louis H. Bean, economic adviser Agricultural Adjustment Administration.
260 _aWashington,
_bU.S. Govt. Print. Off.,
_c1933.
300 _aiv, 67 p.
_bdiagrs., map.
_c23 cm.
500 _aAt head of title: United States Department of Agriculture, Washington, D. C., December, 1933.
500 _aContribution from the Office of the Secretary and the Agricultural Adjustment Administration.
650 0 _aAgriculture
_xEconomic aspects.
700 1 _aEzekiel, Mordecai,
_d1899-1974.
700 1 _aBean, Louis H.
_q(Louis Hyman),
_d1896-1994.
740 0 _aAgricultural adjustment act.
999 _c9603
_d9603